| 000 | 00990cam a22003134a 4500 | ||
|---|---|---|---|
| 001 | 13276876 | ||
| 005 | 20201128013435.0 | ||
| 008 | 030716t2004 ohuad frb 001 0 eng d | ||
| 010 | _a2003110043 | ||
| 020 | _a0324170734 | ||
| 020 | _a9780324170733 | ||
| 035 | _a(DLC) 2003110043 | ||
| 040 |
_aDLC _beng _cDLC _dDLC _dEG-ScBUE |
||
| 082 | 0 | 4 |
_a330 _bKEN _222 |
| 100 | 1 |
_aKennett, David, _d1948- _9689 |
|
| 245 | 1 | 2 |
_aA new view of comparative economics / _cDavid Kennett. |
| 250 | _a2nd ed. | ||
| 260 |
_aMason : _bThomson / South-Western, _cc.2004. |
||
| 300 |
_axxvi, 598 p. : _bcharts, tables ; _c25 cm. |
||
| 500 | _aRev. ed. of : A new view of comparative economic systems. c.2001. | ||
| 500 | _aIndex : p. 584-598. | ||
| 504 | _aIncludes bibliographical references. | ||
| 650 | 7 |
_aComparative economics. _2BUEsh _920845 |
|
| 651 | _2BUEsh | ||
| 653 |
_bBUSECO _cDecember2014 |
||
| 653 |
_bBUSECO _cOctober2016 |
||
| 655 |
_vText book _933728 |
||
| 942 |
_2ddc _cBB _k330 KEN |
||
| 999 |
_c10258 _d10258 |
||